00410cam a2200157ua 450000100060000000800390000602000180004504000090006308200100007210000250008224500510010725000120015826000430017030000100021365300290022311413190917n ii |||gr||||Z||||||eng a9788184556384 cMAIN a306.2 aV.P Gulati,eAuthor. aTextbook of political sociologycBy V.P Gulati a1st ed. aNew Delhi:bOmega publications,c2017. a240p. aSociology & anthropology